Normal view
MARC view
- Chishti, Faiz Ali
Entry Personal Name
001 - CONTROL NUMBER
- control field: 49071
003 - CONTROL NUMBER IDENTIFIER
- control field: NUST
005 - DATE AND TIME OF LATEST TRANSACTION
- control field: 20210314134236.0
008 - FIXED-LENGTH DATA ELEMENTS
- fixed length control field: 210314|| aca||aabn | a|a d
040 ## - CATALOGING SOURCE
- Original cataloging agency: NUST
- Transcribing agency: NUST
100 ## - HEADING--PERSONAL NAME
- Personal name: Chishti, Faiz Ali
670 ## - SOURCE DATA FOUND
- Source citation: Work cat.: (NUST): Chishti, Faiz Ali,, Betrayals of another kind :, 1990, c1989.
